|
|
|
|
| LEADER |
01652nam a2200373 a 4500 |
| 001 |
12559206 |
| 008 |
090520s2000 bg ab b i001 0 eng d |
| 010 |
|
|
|a \\\00440981
|
| 020 |
|
|
|a 9847460043
|
| 040 |
|
|
|a DLC
|c DLC
|d DLC
|d BD-DhAAL
|
| 082 |
0 |
0 |
|a 599.168/095492
|2 21
|
| 100 |
1 |
|
|a Akonda, Abdul Wahab.
|
| 245 |
0 |
0 |
|a Red book of threatened mammals of Bangladesh /
|c text, Abdul Wahab Akonda ; research, M. Monirul H. Khan, Rashiduzzaman Ahmed, Nargis Banu Joarder ; editors, Md. Anwarul Islam, Mahmud-ul Ameen, Ainun Nishat.
|
| 246 |
3 |
0 |
|a Threatened mammals of Bangladesh
|
| 260 |
|
|
|a Dhaka :
|b IUCN Bangladesh,
|c 2000.
|
| 300 |
|
|
|a xi, 71 p. :
|b col. ill., map ;
|c 26 cm.
|
| 500 |
|
|
|a "IUCN--The World Conservation Union."
|
| 504 |
|
|
|a Includes bibliographical references (p. 67) and index.
|
| 541 |
1 |
|
|e 00007699
|
| 650 |
|
0 |
|a Extinct mammala
|z Bangladesh.
|
| 650 |
|
0 |
|a Rare mammals
|z Bangladesh.
|
| 650 |
|
0 |
|a Wildlife conservation
|z Bangladesh.
|
| 650 |
|
0 |
|a Endangered species
|z Bangladesh.
|
| 700 |
1 |
|
|a Khan, M. Monirul H.
|
| 700 |
1 |
|
|a Ahmed, Rashiduzzaman.
|
| 700 |
1 |
|
|a Joarder, Nargis Banu.
|
| 700 |
1 |
|
|a Islam, Md. Anwarul.
|
| 700 |
1 |
|
|a Ameen, Mahmud-ul.
|
| 700 |
1 |
|
|a Nishat, Ainun.
|
| 710 |
2 |
|
|a International Union for Conservation of Nature and Natural Resources.
|
| 710 |
2 |
|
|a International Union for Conservation of Nature and Natural Resources.
|b Bangladesh Country Office.
|
| 852 |
4 |
|
|a Ayesha Abed Library
|j Generalshelf
|
| 999 |
|
|
|c 8620
|d 8620
|
| 952 |
|
|
|0 0
|1 0
|2 ddc
|4 0
|6 599_168095492000000_AKO_2000
|7 0
|9 10285
|a BRACUL
|b BRACUL
|c GEN
|d 2010-05-17
|l 1
|m 10
|o 599.168095492 AKO
|p 3010007699
|r 2012-09-10
|s 2011-06-11
|t 1
|w 2010-05-17
|y BK
|